000 01971nam a22002177a 4500
999 _c59556
_d59556
003 Ge_BSU
005 20230314123121.0
008 230314s2016 ge ||||| |||| 00| 0 geo d
041 _ageo
080 _a342.254(075.8) მ-57
100 _aმერდოკი, ჯიმ
_917203
245 _aარასათანადო მოპყრობასა და დაუსჯელობასთან ბრძოლა და არასათანადო მოპყრობის ეფექტიანი გამოძიება:
_bსაქართველოსთან დაკავშირებით მომზადებული ანგარიში /
_cჯიმ მერდოკი; ადამიანის უფლებათა და სამართლებრივ საკითხთა გენერალური დირექტორატი ევროპის საბჭო.
264 _a[ქ.გ.]:
_b[გ.გ.],
_c[წ.გ.].
300 _a116 გვ.;
_b20 სმ.
500 _aწინამდებარე გამოცემა დაფინანსებულია ევროპის კავშირისა და ევროპის საბჭოს ერთობლივი პროგრამის მიერ
653 _aთანამდებობის პირები.
653 _aპროკურატურა.
653 _aადამიანის უფლებათა და სამართლებრივ საკითხთა გენერალური დირექტორატი ევროპის საბჭო.
710 _aადამიანის უფლებათა და სამართლებრივ საკითხთა გენერალური დირექტორატი ევროპის საბჭო
_917204
942 _2udc
_cBK